Die größten Städte mit B - Statistiken

Allgemein
  • Dieses Quiz wurde 434 mal gespielt
  • Das Durchschnittsergebnis liegt bei 20 aus 44
Antwortstatistiken
Einwohner Stadt Land % Korrekt
4.400.000 Berlin Deutschland
97%
20.000.000 Bangkok Thailand
94%
16.800.000 Buenos Aires Argentinien
92%
4.900.000 Barcelona Spanien
90%
2.600.000 Budapest Ungarn
90%
4.100.000 Brasília Brasilien
87%
2.700.000 Brüssel Belgien
87%
2.150.000 Bukarest Rumänien
86%
7.000.000 Bagdad Irak
84%
10.000.000 Bogotá Kolumbien
83%
7.800.000 Boston USA
78%
1.430.000 Belgrad Serbien
76%
2.650.000 Baku Aserbaidschan
74%
1.900.000 Beirut Libanon
73%
3.300.000 Brisbane Australien
71%
3.100.000 Birmingham VK
68%
1.150.000 Bordeaux Frankreich
66%
5.000.000 Belo Horizonte Brasilien
58%
3.800.000 Bamako Mali
52%
2.425.000 Brazzaville Kongo
49%
1.120.000 Bischkek Kirgistan
47%
4.000.000 Busan Südkorea
45%
1.050.000 Banjul Gambia
39%
13.200.000 Bengaluru Indien
35%
1.260.000 Bangui ZAR
34%
6.800.000 Bandung Indonesien
33%
2.250.000 Belém Brasilien
25%
2.100.000 Bursa Türkei
24%
2.200.000 Barranquilla Kolumbien
18%
2.550.000 Bhopal Indien
16%
1.600.000 Basra Irak
14%
1.740.000 Benin City Nigeria
11%
1.380.000 Buffalo USA
9%
3.000.000 Bhilai Indien
8%
2.000.000 Baotou China
7%
1.340.000 Bandar Lampung Indonesien
6%
2.000.000 Baoding China
6%
1.300.000 Bucaramanga Kolumbien
6%
1.330.000 Barquisimeto Venezuela
5%
1.170.000 Batam Indonesien
4%
1.320.000 Benguela Angola
3%
1.140.000 Baoji China
2%
1.000.000 Beihai China
2%
1.810.000 Bengbu China
2%
Keine übereinstimmenden Quizze gefunden
Verteilung der Resultate
Anzahl Personen mit jedem Resultat
Perzentil nach korrekt beantworteten Fragen
Ihre Resultats-Entwicklung
Sie haben dieses Quiz noch nicht gespielt